La formación de las haciendas azucareras y los orígenes del APRA / (Record no. 8638)

000 -CABECERA
fixed length control field 01065nam a22002417a 4500
003 - IDENTIFICADOR DEL NÚMERO DE CONTROL
control field AR-CdUCM
008 - DATOS DE LONGITUD FIJA--INFORMACIÓN GENERAL
fixed length control field 190325b ||||| |||| 00| 0 spa d
040 ## - FUENTE DE LA CATALOGACIÓN
Agencia/entidad que catalogó originalmente la obra MUNICIPALIDAD PROVINCIAL DEL CUSCO
Entidad que transcribió la catalogación BIBLIOTECA MUNICIPAL DEL CUSCO
082 ## - NÚMERO DE LA CLASIFICACIÓN DECIMAL DEWEY
No. de Clasificación 309.185 /
Notacion interna K59
100 ## - ENTRADA PRINCIPAL--NOMBRE DE PERSONA
Nombre Personal Klarén, Peter
245 ## - MENCIÓN DE TÍTULO
Título La formación de las haciendas azucareras y los orígenes del APRA /
260 ## - PUBLICACIÓN, DISTRIBUCIÓN, ETC.
Lugar de publicación, distribución, etc. Lima :
Nombre de la editorial, distribuidor, etc. Moncloa - campodonico,
Fecha de publicación, distribución, etc. 1970.
300 ## - DESCRIPCIÓN FÍSICA
Nº de Páginas Extensión 214 páginas ;
Dimensiones 19.5 cm.
440 ## - MENCIÓN DE SERIE/PUNTO DE ACCESO ADICIONAL--TÍTULO
Título Perú problema.
Número de la parte/sección de una obra 5
9 (RLIN) 24158
505 ## - NOTA DE CONTENIDO CON FORMATO
Nota de contenido formateada La modernización de la industria azucarera y la concentración de la tierra en el valle de Chicama -- El surgimiento del proletariado rural -- El enfrentamiento entre la hacienda y el pequeño agricultor -- La decadencia urbana y la crisis comercial de la década del 20 ...
650 ## - PUNTO DE ACCESO ADICIONAL DE MATERIA--TÉRMINO DE MATERIA
Descriptor Partido Aprista Peruano
9 (RLIN) 3316
650 ## - PUNTO DE ACCESO ADICIONAL DE MATERIA--TÉRMINO DE MATERIA
Descriptor Haciendas azucareras
9 (RLIN) 24159
650 ## - PUNTO DE ACCESO ADICIONAL DE MATERIA--TÉRMINO DE MATERIA
Descriptor Industria azucarera
9 (RLIN) 24160
700 ## - PUNTO DE ACCESO ADICIONAL--NOMBRE DE PERSONA
Nombre Personal Matos Mar, José
9 (RLIN) 4659
710 ## - PUNTO DE ACCESO ADICIONAL--NOMBRE DE ENTIDAD CORPORATIVA
Nombre corporativo (En letras Mayúsculas) Instituto de Estudios Peruanos
9 (RLIN) 36
942 ## - ELEMENTOS DE PUNTO DE ACCESO ADICIONAL (KOHA)
Fuente de clasificación
Tipo de item Libros-BMC
945 ## - PROCESAMIENTO DE INFORMACIÓN LOCAL (OCLC)
Catalogador acv
Holdings
Estado de retiro (separado) Fuente de clasificación o esquema de estanterías Estado dañado Ubicación Sala donde se ubica Nombre de la colección Fecha de adquisición o compra Costo, precio normal en soles Signatura topográfica Código de Barras Última vez visto (Koha) Tipo de ítem (Koha)
No     Sala Humanidades Sala Humanidades Book Cart 2019-03-25 30.00 309.185 / K59 SH0000009413 2019-03-25 Libros-BMC
No     Sala Humanidades Sala Humanidades Book Cart 2019-05-13 30.00 309.185 / K59 SH0000013387 2019-05-13 Libros-BMC

Powered by Koha